Future of farming and food (Record no. 68412)

MARC details
000 -LEADER
fixed length control field 00869cam a2200205 4500
001 - CONTROL NUMBER
control field WB3736-33
008 - FIXED-LENGTH DATA ELEMENTS--GENERAL INFORMATION
fixed length control field 010927n2001 000 0 eng u
035 ## - SYSTEM CONTROL NUMBER
System control number (Sirsi) u114884
245 ## - TITLE STATEMENT
Title Future of farming and food
260 ## - PUBLICATION, DISTRIBUTION, ETC.
Date of publication, distribution, etc. 2001
490 ## - SERIES STATEMENT
Series statement Cabinet Office News Release
Volume/sequential designation 25 September 2001, (3)
520 ## - SUMMARY, ETC.
Summary, etc. The Policy Commission on the Future of Farming and Food has launched a consultation document. Copies are available from http://cabinet-office.gov.uk/farming and responses should be sent, by 26 October 2001, to Sir Donald Curry at Policy Commission on the Future of Farming and Food or by email to [email protected].
590 ## - LOCAL NOTE (RLIN)
Local note WB
650 ## - SUBJECT ADDED ENTRY--TOPICAL TERM
Topical term or geographic name entry element FARMING PRACTICES
650 ## - SUBJECT ADDED ENTRY--TOPICAL TERM
Topical term or geographic name entry element FOOD PRODUCTION
650 ## - SUBJECT ADDED ENTRY--TOPICAL TERM
Topical term or geographic name entry element CONSULTATION DOCUMENTS
650 ## - SUBJECT ADDED ENTRY--TOPICAL TERM
Topical term or geographic name entry element COUNTRYSIDE POLICY
690 ## - LOCAL SUBJECT ADDED ENTRY--TOPICAL TERM (OCLC, RLIN)
Topical term or geographic name as entry element RURAL-AGRICULTURE AND FORESTRY
942 ## - ADDED ENTRY ELEMENTS (KOHA)
Suppress in OPAC 0
Holdings
Withdrawn status Lost status Source of classification or shelving scheme Damaged status Not for loan Home library Current library Shelving location Date acquired Total Checkouts Full call number Barcode Date last seen Copy number Price effective from Koha item type
    Dewey Decimal Classification     London London News article 27/09/2001   WB3736-33 114884-1001 06/08/2019 1 06/08/2019 News article